| 000 | 00947nam a2200241Ia 4500 | ||
|---|---|---|---|
| 003 | OSt | ||
| 005 | 20210722115916.0 | ||
| 008 | 210310q1976 ck gr 000 0 spa d | ||
| 040 |
_aCO-JMCR _cCO-JMCR |
||
| 041 | 0 | _aspa | |
| 082 | 0 | 4 |
_a346.861082 / _bA837c _223 |
| 110 | 2 |
_aAsociación Nacional de Instituciones Financieras _9960 |
|
| 245 | 1 | 3 |
_aLa colombianización de la banca / _cAsociación Nacional de Instituciones Financieras ; [prólogo, Alfonso López Michelsen] |
| 260 |
_aBogotá : _bTercer Mundo, _c1976 impresión |
||
| 300 |
_a367 páginas ; _c22 cm. |
||
| 490 | 0 |
_aBiblioteca ANIF de Economía ; _vNo. 9 |
|
| 505 | 0 | _aOrígenes de la Ley -- Ley de colombianización -- Constitucionalidad de la Ley | |
| 650 | 1 | 4 |
_aBancos _916482 _xNacionalización _zColombia |
| 650 | 2 | 4 |
_aBancos _zColombia _98156 |
| 650 | 2 | 4 |
_aSistema financiero _zColombia _99003 |
| 700 | 1 |
_aLópez Michelsen, Alfonso, _eprologuista _912322 |
|
| 942 |
_2ddc _cBK |
||
| 999 |
_c8154 _d8154 |
||